FORMACION PARA PADRES E HIJOS (Registro nro. 2593)

Detalles MARC
000 -LEADER
campo de control de longitud fija 00459nam a22001457a 4500
001 - NÚMERO DE CONTROL
campo de control 9952
005 - FECHA Y HORA DE LA ÚLTIMA TRANSACCIÓN
campo de control 20250602012224.0
008 - DATOS DE LONGITUD FIJA--INFORMACIÓN GENERAL
campo de control de longitud fija 5230202009 dr
082 ## - NÚMERO DE LA CLASIFICACIÓN DECIMAL DEWEY
Número de clasificación RD 173
Número de ítem Sa319f
100 ## - ENTRADA PRINCIPAL--NOMBRE DE PERSONA
Nombre de persona SALDAÑA ROBERTO
245 ## - MENCIÓN DEL TÍTULO
Título FORMACION PARA PADRES E HIJOS
Mención de responsabilidad, etc. Rvdo. Diac Roberto Saldaña.
260 ## - PUBLICACIÓN, DISTRIBUCIÓN, ETC.
Lugar de publicación, distribución, etc. Santo Domingo :
Nombre del editor, distribuidor, etc. AMIGO DEL HOGAR
300 ## - DESCRIPCIÓN FÍSICA
Extensión 97 p. / 21 cm.
650 ## - PUNTO DE ACCESO ADICIONAL DE MATERIA--TÉRMINO DE MATERIA
Término de materia o nombre geográfico como elemento de entrada 1 FORMACION EN VALORES 2 FORMACION PARA PADRES 3 FORMACION PARA HIJOS
Existencias
Estatus retirado Estado de pérdida Estado de daño No para préstamo Colección Biblioteca de origen Biblioteca actual Fecha de adquisición Total de préstamos Signatura topográfica completa Código de barras Visto por última vez Copia número Precio de reemplazo Tipo de ítem Koha
        Acervo general de Libros Biblioteca Central Mons. Favio M. Rivas S. Biblioteca Central Mons. Favio M. Rivas S. 01/06/2015   RD 173 000000003882 23/05/2025 1 23/05/2025 Libros